Statistics for General Knowledge Quiz #135

Click here to take the quiz!

General Stats

  • This quiz has been taken 19,114 times
  • The average score is 10 of 20

Answer Stats

Question Answer % Correct
What does the E stand for in E.T. and ESP?Extra
95%
Who supposedly had a moment of inspiration while sitting under an apple tree?Isaac Newton
91%
What country does Waterford crystal come from?Ireland
70%
What HBO TV series is the most pirated show of all time?Game of Thrones
62%
What tiny creatures form the diet of the world's largest creature, the blue whale?Krill
60%
What animal went extinct around 2000 B.C. on Wrangel Island in Siberia?Woolly Mammoths
57%
What type of creature was Gimli?Dwarf
56%
A tendon connects a muscle to a bone. What similar tissue connects two bones?Ligament
54%
What country is the largest oil producer in Africa?Nigeria
52%
What book featured the characters Scout Finch and Boo Radley?To Kill a Mockingbird
51%
If something is "Gallic" where is it from?France
50%
What is the most common chemical used in nail polish remover?Acetone
47%
What type of natural disaster killed 173 people in Victoria, Australia in 2009?Bushfires
40%
What city will host the 2020 Summer Olympics?Tokyo
38%
In an orthodox Jewish service what group of people commonly sit in the balcony?Women
37%
What was the sequel to the movie "Grumpy Old Men"?Grumpier Old Men
36%
What, according to Monty Python, does nobody expect?The Spanish Inquisition
32%
Who said "Out, damn'd spot"?Lady MacBeth
29%
What type of gloves are made with the skin of young goats?Kid Gloves
26%
What type of animal is an abalone?Sea {Snail}
19%

Score Distribution

Percentile by Number Answered

Percent of People with Each Score

Your Score History

You have not taken this quiz